000
00222nam a2200097Ia 4500
008
220204s9999 xx 000 0 und d
082
_a
82-3
_b
JER
100
_a
Jerome, Jerome K
245
0
_a
Three men in a boat
942
_c
BK
999
_c
38747
_d
38747